| 000 | 00000nas 2200000za 4500 |
| 001 | 9.513032 |
| 003 | CaOODSP |
| 005 | 20200325130157 |
| 007 | ta |
| 008 | 150406c1985||||xxc|| m #||||f| |0fre|d |
| 022 | |a0831-8247 |
| 040 | |aCaOODSP|bfre |
| 043 | |an-cn--- |
| 086 | 1 |aFo133-1F |
| 110 | 1 |aCanada.|bRessources naturelles Canada. |bService canadien des forêts. |
| 245 | 10|aRapport d'information / |cPublié par le Centre de foresterie du Nord. |
| 260 | |aEdmonton - Alberta : |bRessources naturelles Canada. |c1985--. |
| 310 | |aIrrégulier |
| 362 | 1 |aParaît depuis NOR-X-273. |
| 500 | |aDonnées de catalogage avant publication (Canada) imprimées dans ces publications. |
| 500 | |aL'ISSN (0704-7673) imprimé dans ces publications est incorrect. |
| 546 | |a(Abstracts in English.) |
| 563 | |aCouverture souple |
| 775 | 08|tInformation report. [NOR-X series] / |w(CaOODSP)9.514659 |
| 776 | 0#|tRapport d'information / |w(CaOODSP)9.501528 |